Responses for Show #9046 - Monday, February 26, 2024

2024 Tournament of Champions quarterfinal game 2.

Contestants

[<< previous game]

Jared Watson, a quality control specialist from Greenville, Texas

Ben Goldstein, a director of content marketing from Dexter, Michigan

Cris Pannullo, a customer success operations manager from Ocean City, New Jersey

[next game >>]

Jeopardy! Round responses

LET'S AUDIT A COLLEGE COURSE
ALL THINGS DISNEY
HISTORY
THE NEW TESTAMENT
MEMORY
SPEECH! PARTS OF SPEECH!
    $200 30
UNLV (University of Nevada, Las Vegas)

Ben
    $200 25
Mickey

Cris
    $200 26
taxes

Cris
    $200 28
Pontius Pilate

Jared
    $200 29
faces

Ben
    $200 27
nouns

Jared
    $400 17
Tuskegee

Jared
    $4,200 24
(Ken: Yes, all astronauts.)

Space Mountain

Jared
    $400 12
Kristallnacht

Ben
    $400 13
jail

Ben
    $400 23
Marilu Henner

Jared
    $400 22
conjunctions

Cris
    $600 9
Johns Hopkins

Cris
    $600 7
Tiana

Cris
    $600 3
(Cris: What... is... Tre, uh... Milan?)
...
(Ken: It was the Council of [*]; Cris was flirting with it.)
(Cris: A little bit.)

Trent

Cris
Triple Stumper
    $600 5
his friends

Jared
    $600 14
the Quran

Cris
    $600 15
(neo)pronouns

Cris
    $800 8
Gonzaga

Cris
    $800 19
"Who's Afraid Of The Big Bad Wolf?"

Triple Stumper
    $800 1
the Medici

Cris
    $800 4
Stephen

Jared
    $800 16
flashbulb

Cris
    $800 11
preposition

Cris
    $1000 10
the Citadel

Cris
    $1000 20
the Shermans

Cris
    $1000 2
Meiji

Cris
    $1000 6
Peter

Jared
    $1000 18
(Cris: What is... 1,000?)
[ERRATUM: The ISO 80000 standard defines "megabyte" and "gigabyte" according to decimal conventions and uses "mebibyte" and "gibibyte" for the binary counterparts.]

1,024

CrisJared
    $1000 21
interjections

Cris

Scores at the first commercial break (after clue 15):

Cris Ben Jared
$6,200 $800 $2,400

Scores at the end of the Jeopardy! Round:

Cris Ben Jared
$8,800 $1,200 $8,800

Double Jeopardy! Round responses

WORLD CITIES
DOUBLE THE SAME VOWEL
ALLOYS
ITALIAN AMERICANS
LITERARY GROUPS
THE '70s TOTALLY ROCKED
    $400 26
Newcastle

Cris
    $400 27
(Cris: What is... Woolite?)

fleece

Cris
Triple Stumper
    $400 29
(Cris: Uh, what are...magnesium and... titanium?)
...
(Ken: And in LITERARY GROUPS, I'll say it for Sam, "Bring it!")

magnesium & aluminum

Cris
Triple Stumper
    $400 28
Susan Lucci

Jared
    $400 30
Tiananmen (Square)

Ben
    $400 5
AC/DC

Ben
    $800 23
Riga

Jared
    $800 25
cooperative

Cris
    $800 21
flint

Jared
    $800 20
Fauci

Cris
    $800 24
Bloomsbury (Group)

Cris
    $800 4
Led Zeppelin

Ben
    $1200 7
(Ken: The old song, we are "Marching To [*]".)

Pretoria

Triple Stumper
    $1200 6
steerage

Jared
    $1200 9
stars

Ben
    $1200 10
Zamboni

Jared
    $1200 22
the Harlem Renaissance

Cris
    $1200 3
"Smoke On The Water"

Jared
    $6,000 8
Whitehorse

Jared
    $1600 16
Nuuk

Jared
    $5,000 11
amalgam

Jared
    $1600 15
Coppola & Puzo

Jared
    $1600 19
(Ben: What are Friars?)

Knights of the Algonquin Round Table

Ben
Triple Stumper
    $1600 2
Boston

Jared
    $2000 12
Istanbul

Cris
    $2000 17
the aardwolf

Cris
    $2000 13
electrum

Triple Stumper
    $2000 14
Ferraro

Ben
    $2000 18
(Cris: What is Shakespeare in Paris?)

Shakespeare & Company

Cris
Triple Stumper
    $2000 1
Budokan

Jared

Scores at the end of the Double Jeopardy! Round:

Cris Ben Jared
$14,000 $4,400 $32,200
(lock game)

[wagering suggestions for these scores]

Final Jeopardy! Round responses

ART HISTORY
(Ken: [To Jared] The pre-[*]ites... [Applause] were the artists who weren't that into [*].)
BenWho is El Greco?
$4,300
CrisWho Botticelli
$14,000
JaredWho is Raphael?
$0
Raphael

Final scores:

Cris Ben Jared
$0 $100 $32,200
3rd place: $5,000 2nd place: $5,000 Winner: semifinalist

Game dynamics:

Coryat scores:

Cris Ben Jared
$14,000 $4,400 $20,600
22 R,
5 W
9 R,
1 W
21 R
(including 3 DDs),
0 W

Combined Coryat: $39,000

[game clues] [game scores] [suggest correction]

Game tape date: 2024-02-06
The J! Archive is created by fans, for fans. Scraping, republication, monetization, and malicious use prohibited; this site may use cookies and collect identifying information. See terms. The Jeopardy! game show and all elements thereof, including but not limited to copyright and trademark thereto, are the property of Jeopardy Productions, Inc. and are protected under law. This website is not affiliated with, sponsored by, or operated by Jeopardy Productions, Inc. Join the discussion at JBoard.tv.